000 00597nam a22001937a 4500
001 7966
003 FISKH
005 20250815111147.0
008 250815b cb ||||| |||| 00| 0 eng d
040 _aFISKH
_beng
_cFISKH
_dFISKH
082 _a823.92
100 _aDavies, Robin
245 _aColin
300 _a30 unnumbered pages :
_bcolor illustrations ;
_c14 cm
505 _aNP
520 _aColin the crane doesn't have wheels like the engines so he can't travel to the winter party. Then Freddie has an idea to bring Colin some winter cheer.
942 _2ddc
_cBK
_n0
999 _c7966
_d7966